MARC

LEADER 00000nam0a2200000 4500
001 365171
005 20231102011747.0
035 |a (RuTPU)RU\TPU\retro\22534 
090 |a 365171 
100 |a 20211217d1981 k y0rusy50 ca 
101 0 |a rus 
102 |a RU 
105 |a y z 101zy 
200 1 |a Новые методы изучения инженерно-геологических условий  |e материалы научных заседаний секции инженерной геологии за 1977-1978 гг.  |f Московское общество испытателей природы, Секция инженерной геологии 
210 |a Москва  |c Наука  |d 1981 
215 |a 77 с. 
320 |a Библиография в конце докладов 
606 1 |a Инженерная геология  |2 stltpush  |3 (RuTPU)RU\TPU\subj\12572  |9 39335 
610 1 |a региональная инженерная геология 
610 1 |a экзогенные геологические процессы 
610 1 |a горные породы 
610 1 |a инженерно-геологические свойства 
610 1 |a геофизические методы 
610 1 |a применение 
610 1 |a заседания 
675 |a 624.131.1(063)  |v 4 
712 0 2 |a Московское общество испытателей природы  |b Секция инженерной геологии  |c (1917- )  |2 stltpush  |3 (RuTPU)RU\TPU\col\7762 
801 1 |a RU  |b 63413507  |c 20211217 
942 |c BK